000 00541nam a2200133Ia 4500
008 231129s2008||||xx |||||||||||||| ||spa||
040 _bspa
082 _a307.2 C962a
100 _aCubillos Quintero León Felipe
245 0 _aLa aplicación de las polí­ticas públicas en los procesos de reubicación de la ciudad de Pereira: Estudio de caso ciudadela Tokio (Alcaldí­a de Pereira 2004-2007)
260 _c2008
264 _aPereira Colombia : Universidad Tecnológica de Pereira. Facultad de Ciencias Ambientales
942 _2ddc
_cBKS
999 _c16420
_d16420